000 00404nam a22001097a 4500
082 _a200
100 _aसिंह इंद्रजीत
_983531
245 _aरामायण और महाभारत काल की युद्ध कला
260 _aनयी दिल्‍ली
_bहरबंस लाल एण्‍ड संस
_c2025
650 _aधर्म
942 _cHIN
999 _c68475
_d68475